<?xml version="1.0" encoding="UTF-8"?>
<record
    xmlns:xsi="http://www.w3.org/2001/XMLSchema-instance"
    xsi:schemaLocation="http://www.loc.gov/MARC21/slim http://www.loc.gov/standards/marcxml/schema/MARC21slim.xsd"
    xmlns="http://www.loc.gov/MARC21/slim">

  <leader>01832nam a22002777i 4500</leader>
  <datafield tag="999" ind1=" " ind2=" ">
    <subfield code="c">22917</subfield>
    <subfield code="d">22917</subfield>
  </datafield>
  <controlfield tag="003">AR-CdUCM</controlfield>
  <controlfield tag="008">240522b20222022 pe||||| |||| 00| 0 spa d</controlfield>
  <datafield tag="020" ind1=" " ind2=" ">
    <subfield code="a">978-612-49142-3-2</subfield>
  </datafield>
  <datafield tag="040" ind1=" " ind2=" ">
    <subfield code="a">MUNICIPALIDAD PROVINCIAL DEL CUSCO</subfield>
    <subfield code="c">BIBLIOTECA MUNICIPAL DEL CUSCO</subfield>
  </datafield>
  <datafield tag="082" ind1=" " ind2=" ">
    <subfield code="a">330.985 / C765</subfield>
    <subfield code="b">C765</subfield>
  </datafield>
  <datafield tag="100" ind1=" " ind2=" ">
    <subfield code="a">Contreras Carranza, Carlos.</subfield>
  </datafield>
  <datafield tag="245" ind1=" " ind2=" ">
    <subfield code="a">El Estado y los empresarios en la historia econ&#xF3;mica del Per&#xFA; independiente / </subfield>
  </datafield>
  <datafield tag="260" ind1=" " ind2=" ">
    <subfield code="a">Lima :</subfield>
    <subfield code="b">Ministerio de Cultura del Per&#xFA;,</subfield>
    <subfield code="b">Proyecto Especial Bicentenario de la Independencia del Per&#xFA;,</subfield>
    <subfield code="c">2022</subfield>
  </datafield>
  <datafield tag="300" ind1=" " ind2=" ">
    <subfield code="a">208 p&#xE1;ginas. :</subfield>
    <subfield code="c">21 cm.</subfield>
  </datafield>
  <datafield tag="500" ind1=" " ind2=" ">
    <subfield code="z">Bibliograf&#xED;a: p&#xE1;ginas 199 - 206</subfield>
  </datafield>
  <datafield tag="505" ind1=" " ind2=" ">
    <subfield code="a">El estado y la econom&#xED;a en la rep&#xFA;blica inicial, 1821-1879 -- La independencia y la reestructuraci&#xF3;n del sistema empresarial, 1821-1896 -- El modelo exportador mejorado, entre finales del siglo XIX y mediados del XX -- La formaci&#xF3;n del empresariado moderno 1896-1960 -- La b&#xFA;squeda de alternativas, 1962-1990 -- El desarrollo dirigido por el estado y el sistema empresarial, 1960-1990 -- El retorno a la ortodoxia, 1990 a 2021 -- El sistema empresarial peruano frente al reto de una nueva econom&#xED;a global 1990-2020 </subfield>
  </datafield>
  <datafield tag="650" ind1=" " ind2=" ">
    <subfield code="a">El estado y la econom&#xED;a en la rep&#xFA;blica inicial, 1821-1879</subfield>
    <subfield code="9">49956</subfield>
  </datafield>
  <datafield tag="650" ind1=" " ind2=" ">
    <subfield code="a"> La independencia y la reestructuraci&#xF3;n del sistema empresarial, 1821-1896</subfield>
    <subfield code="9">49957</subfield>
  </datafield>
  <datafield tag="650" ind1=" " ind2=" ">
    <subfield code="a">El modelo exportador mejorado, entre finales del siglo XIX y mediados del XX</subfield>
    <subfield code="9">49958</subfield>
  </datafield>
  <datafield tag="650" ind1=" " ind2=" ">
    <subfield code="a">El desarrollo dirigido por el estado y el sistema empresarial, 1960-1990</subfield>
    <subfield code="9">49959</subfield>
  </datafield>
  <datafield tag="650" ind1=" " ind2=" ">
    <subfield code="a">El sistema empresarial peruano frente al reto de una nueva econom&#xED;a global 1990-2020</subfield>
    <subfield code="9">49960</subfield>
  </datafield>
  <datafield tag="700" ind1=" " ind2=" ">
    <subfield code="a">Mart&#xED;n Monsalve Zanatti</subfield>
    <subfield code="9">49961</subfield>
  </datafield>
  <datafield tag="856" ind1=" " ind2=" ">
    <subfield code="f">www.bicentenario.gob.pe/biblioteca</subfield>
  </datafield>
  <datafield tag="942" ind1=" " ind2=" ">
    <subfield code="2">ddc</subfield>
    <subfield code="c">LIBROS</subfield>
  </datafield>
  <datafield tag="945" ind1=" " ind2=" ">
    <subfield code="a">pbj</subfield>
    <subfield code="d">2024-05-22</subfield>
  </datafield>
  <datafield tag="952" ind1=" " ind2=" ">
    <subfield code="0">0</subfield>
    <subfield code="2">ddc</subfield>
    <subfield code="4">0</subfield>
    <subfield code="7">0</subfield>
    <subfield code="a">SH</subfield>
    <subfield code="b">SH</subfield>
    <subfield code="c">CART</subfield>
    <subfield code="d">2024-05-22</subfield>
    <subfield code="e">Dep&#xF3;sito Legal</subfield>
    <subfield code="g">20.00</subfield>
    <subfield code="o">330.985 / C765</subfield>
    <subfield code="p">SH0000016754</subfield>
    <subfield code="r">2024-05-22</subfield>
    <subfield code="y">LIBROS</subfield>
  </datafield>
</record>
